A axiomatic approach to geometry : geometric trilogy I
Αποθηκεύτηκε σε:
| Κύριος συγγραφέας: | |
|---|---|
| Μορφή: | Βιβλίο |
| Γλώσσα: | English |
| Δημοσίευση: |
Cham :
Springer International,
c2014
|
| Θέματα: | |
| Ετικέτες: |
Προσθήκη ετικέτας
Δεν υπάρχουν, Καταχωρήστε ετικέτα πρώτοι!
|
MARC
| LEADER | 00000nam a2200000 i 4500 | ||
|---|---|---|---|
| 001 | 1/65164 | ||
| 008 | 150127s2014 eng d | ||
| 020 | |a 978-3-319-01729-7 | ||
| 035 | |l 10120734 | ||
| 040 | |a GR-MY-UA |b gre |e aacr | ||
| 041 | 0 | |a eng | |
| 082 | 0 | |a 516 |2 (23) | |
| 100 | 1 | |a Borceux, Francis |d 1948- | |
| 245 | 1 | 2 | |a A axiomatic approach to geometry : |b geometric trilogy I / |c Francis Borceux |
| 260 | |a Cham : |b Springer International, |c c2014 | ||
| 300 | |a xv, 403 σ.; |b σχέδια; |c 24 εκ. | ||
| 504 | |a Βιβλιογραφία: σ.395-396. Ευρετήριο | ||
| 650 | 0 | 0 | |a Geometry. |
| 852 | |a INST |b SAMOS |e 20150127 |h 516 BOR |p 005300041424 |q 005300041424 |t BK |y 0 | ||
| 901 | |a BIBL3-2015-1 | ||
| 909 | |a Σ |b 189320 | ||
| 922 | |a 3ΕΛΗ |b 201405 |c ΤΜΗΜΑ ΜΑΘΗΜΑΤΙΚΩΝ |d ΔΙΑΔΡΟΜΕΣ | ||
| 970 | |a ΚΟΣΙΕΡΗΣ |b ΧΡΗΣΤΟΣ |z 2015/01/22 | ||